000 01080nam2a22002411 4500
001 rc\292355
005 20250621063742.0
035 _a(NLR Aleph) 005629234
090 _a6560717
_c6560717
100 _a20030307d1990 |||y0rusy50 ca
101 0 _arus
102 _aRU
105 _ay |||||||||
200 0 _aЧ. 1
210 _d1990
_aБ. м.
215 _a81 с.
320 _aБиблиогр.: с. 78-79
461 0 _1001rc\292354
_12001#$aИнструкция по реферированию и редактированию рефератов в области органической химии$fГос. ком. СССР по науке и технике, АН СССР$vЧ. 1
_96560709
_cМ.
_d1990
_fГос. ком. СССР по науке и технике, АН СССР
_nВИНИТИ
_tИнструкция по реферированию и редактированию рефератов в области органической химии
_vЧ. 1
801 0 _aRU
_bNLR
_gpsbo
801 1 _aRU
_bELAR
_2rusmarc
852 _aNLR
_j90-6/3850
942 _cBOOK
980 _aNB